00778cam a2200241 a 450000100090000000300060000900500170001500800410003201000130007304000180008608200170010410000220012124501470014324600200029026000560031030000280036665000290039465000200042365000210044365000240046470000240048870000240051231866986OCoLC20190111172143.0941222s1995 miua 000 0 eng  a94047627 aDLCcDLCdOCL a248.8bc883s1 aCrabb, Lawrence J10aGod calls men to move beyond- the silence [of] Adam :bbecoming men of courage in a world of chaos /cLarry Crabb with Don Hudson & Al Andrews30aSilence of Adam aGrand Rapids, Mich. :bZondervan Pub. House,cc1995 a192 p. :bill. ;c24 cm 0aMen (Christian theology) 0aMenxPsychology 0aRole expectation 0aMenxReligious life1 aHudson, Don,d1959-1 aAndrews, Al,d1954-